000 00525nam a2200205 4500
005 20260209125313.0
008 260209b |||||||| |||| 00| 0 eng d
020 _a9789391076375
037 _cSatyam Books
040 _aFLL
_cFLL
041 _2eng
_aeng
084 _aV2:2:(Z) R2
_b1
_qFLL
100 _aBariyar,Ashish
_91114588
245 _aConstitution made easy
250 _a1st
260 _aDelhi
_bWhitesmann
_c2022
300 _axxv,468p
650 _aConstitutional Law
_91114589
942 _2CC
_n0
_cTB
_e1st
999 _c1678989
_d1678989